000 00381nam a2200133Ia 4500
005 20260328104301.0
008 260328s9999||||xx |||||||||||||| ||und||
100 _aBrooker, Graeme
245 0 _aDiseño de Interiores; Manual para los Futuros Profesionales del sector /
_cGraeme Brooker
260 _bOcéano
300 _a256 p.
650 _aARQUITECTURA INTERIOR
942 _cBK
999 _c10595
_d10595